Deutsches Kaiserreich - Quiz - Statistiken

Allgemein
  • Dieses Quiz wurde 736 mal gespielt
    698 seit der letzten Aktualisierung
  • Das Durchschnittsergebnis liegt bei 11 aus 18
Antwortstatistiken
Frage Antwort % Korrekt
Wie hieß der erste Reichskanzler? Otto von Bismarck
96%
Wer waren die "inneren" Gegner? Sozialdemokraten
84%
Welche Partei aus dem heutigen Bundestag existierte schon damals? SPD
82%
Wer durfte wählen? Männer
81%
Welches Land war engster Verbündeter? Österreich-Ungarn
80%
Welche Staatsform hatte das Reich? Monarchie
76%
Wie hieß die Republik, die Nachfolgerstaat wurde? {Weimarer} Republik
75%
Welches Land wurde permanent isoliert? Frankreich
69%
Welche Währung wurde benutzt? Mark
69%
Was war das Mindestalter? 25
64%
Wie hieß der erste Kaiser? Kaiser {Wilhelm I.}
64%
Wo fand die Gründung statt? Versailles
62%
In welcher Revolution wurde die Republik ausgerufen? {November}revolution
53%
Was war mit "Deutschlands Platz in der Sonne" gemeint? afrikanische Kolonien
45%
Wie ging das Jahr 1888 in die Geschichte ein? Dreikaiserjahr
39%
Wie hieß das Vorgängergebilde? Norddeutscher Bund
35%
Wer waren die "inneren" Gegner? Katholiken
28%
Wie wurden deutsche Kolonien offiziell genannt? Schutzgebiete
17%
Keine übereinstimmenden Quizze gefunden
Verteilung der Resultate
Anzahl Personen mit jedem Resultat
Perzentil nach korrekt beantworteten Fragen
Ihre Resultats-Entwicklung
Sie haben dieses Quiz seit der letzten Aktualisierung nicht gespielt